[Event "🏒"]
[Site "http://www.queenalice.com/game.php?id=1559690"]
[Date "2019.2.4"]
[Round "-"]
[White "caradepau"]
[Black "Nickerson"]
[Result "0-1"]
[WhiteElo "1615"]
[BlackElo "2053"]

1. e4 d6 2. a3 Nf6 3. Nc3 e5 4. h3 Be7 5. Bc4 Nbd7 6. d3 O-O 7. Nf3 c6 8. O-O b5
9. Ba2 a5 10. b4 axb4 11. axb4 Bb7 12. Be3 d5 13. exd5 Bxb4 14. dxc6 Bxc6 15.
Bd2 Qa5 16. Bxf7+ Rxf7 17. Rxa5 Bxa5 18. Re1 Bc7 19. d4 b4 20. Nb1 Ne4 21. Bxb4
exd4 22. Qxd4 Bb6 23. Qc4 Bxf2+ 24. Kf1 Ne5 25. Nxe5 Ng3# 0-1

[Event "🎾"]
[Site "http://www.queenalice.com/game.php?id=1559744"]
[Date "2019.2.4"]
[Round "-"]
[White "gomestrovao"]
[Black "Nickerson"]
[Result "0-1"]
[WhiteElo "1744"]
[BlackElo "2101"]

1. e4 d6 2. d4 Nf6 3. Nc3 e5 4. d5 Nbd7 5. Bg5 Be7 6. Bb5 Nxd5 7. Nxd5 Bxg5 8.
Nf3 Bh6 9. O-O c6 10. Bxc6 bxc6 11. Nb4 Qc7 12. h3 O-O 13. a3 a5 14. Na2 Ba6 15.
Re1 Rab8 16. Rb1 f5 17. Nc3 fxe4 18. Nxe4 d5 0-1

[Event "🛷"]
[Site "http://www.queenalice.com/game.php?id=1559745"]
[Date "2019.2.4"]
[Round "-"]
[White "Givanildo"]
[Black "Nickerson"]
[Result "0-1"]
[WhiteElo "1571"]
[BlackElo "2027"]

1. d4 d6 2. Bf4 Nf6 3. h3 Nbd7 4. e3 e5 5. dxe5 dxe5 6. Bg5 Be7 7. Bb5 c6 8. Bc4
b5 9. Bxf7+ Kxf7 10. Ne2 h6 11. Bh4 Qa5+ 12. c3 Rd8 13. Qb3+ Kf8 14. O-O Nc5 15.
Qc2 Nd3 16. Bxf6 gxf6 17. a3 Bf5 18. b4 Qc7 19. Qb3 a5 20. g4 Bc8 21. Nd2 h5 22.
Qc2 hxg4 23. Ng3 gxh3 24. Kh2 e4 25. f4 exf3 26. Rxf3 axb4 27. cxb4 Nxb4 28.
axb4 Rxa1 29. Qe4 Rxd2+ 30. Rf2 Rxf2+ 31. Qg2 Rxg2# 0-1

[Event "🏏"]
[Site "http://www.queenalice.com/game.php?id=1559746"]
[Date "2019.2.4"]
[Round "-"]
[White "italomachado"]
[Black "Nickerson"]
[Result "0-1"]
[WhiteElo "1506"]
[BlackElo "2002"]

1. e4 d6 2. Nf3 Nf6 3. c3 e5 4. Qb3 Be7 5. Ng5 O-O 6. Bc4 Qe8 7. Bb5 c6 8. Bc4
d5 9. exd5 cxd5 10. Bb5 Nc6 11. d4 exd4 12. Qc2 Bc5+ 13. Kd1 dxc3 14. Bd3 h6 15.
Bh7+ Kh8 16. Re1 Qd8 17. bxc3 hxg5 18. Qd3 Nxh7 19. Qf3 Nf6 20. Bxg5 Bg4 21.
Bxf6 Bxf3+ 22. gxf3 Qxf6 23. Nd2 Qxc3 24. Rc1 Qd4 25. Re2 Rfe8 26. Ke1 Qxf2+ 27.
Kd1 Rxe2 28. Nb3 Qf1# 0-1

[Event "🏓"]
[Site "http://www.queenalice.com/game.php?id=1559797"]
[Date "2019.2.5"]
[Round "-"]
[White "jeffcom2f"]
[Black "Nickerson"]
[Result "0-1"]
[WhiteElo "1736"]
[BlackElo "2084"]

1. e4 d6 2. d4 Nf6 3. Nf3 Nxe4 4. Bd3 Nf6 5. O-O Nbd7 6. Nc3 g6 7. Re1 Bg7 8.
Be3 O-O 9. Bf4 c5 10. d5 Nb6 11. Qd2 Nbxd5 12. Nxd5 Nxd5 13. Bg3 Bxb2 14. Rab1
Bc3 15. Qe2 Bxe1 16. Rxe1 e5 17. Qe4 Be6 18. Qh4 Qxh4 19. Nxh4 Nb4 20. a3 Nxd3
21. cxd3 f5 22. f4 g5 23. fxg5 Kg7 24. Rb1 b6 25. a4 Bd7 26. Ra1 a6 27. Nf3 b5
28. axb5 axb5 29. Rd1 b4 30. Nd2 Be6 31. Nc4 Bxc4 32. dxc4 Ra6 33. Bh4 Rfa8 34.
Kf2 Ra2+ 35. Kg1 Ra1 0-1

[Event "🏸"]
[Site "http://www.queenalice.com/game.php?id=1559798"]
[Date "2019.2.5"]
[Round "-"]
[White "jjjcarvalho"]
[Black "Nickerson"]
[Result "0-1"]
[WhiteElo "1456"]
[BlackElo "2104"]

1. e4 d6 2. d4 Nf6 3. Nc3 e5 4. dxe5 dxe5 5. Qxd8+ Kxd8 6. Nf3 Bd6 7. Bg5 Be6 8.
Bxf6+ gxf6 9. a3 c6 10. Be2 Nd7 11. O-O a5 12. Rfd1 Kc7 13. Nh4 b5 14. Rdb1 b4
15. axb4 axb4 16. Nd1 Nb6 17. b3 Bc5 18. Nf5 Bxf5 19. exf5 Ra3 20. Rxa3 bxa3 21.
Ra1 Nd5 22. Bc4 Ra8 23. Kf1 Bd4 24. c3 Nxc3 25. Nxc3 Bxc3 26. Ra2 Bb2 27. Bxf7
Rd8 28. Ke2 Kd6 29. Ke3 Kc5 30. g3 Kb4 31. h4 Bc1+ 32. Ke2 Rd2+ 33. Rxd2 Bxd2
34. Kxd2 a2 35. g4 a1=Q 36. g5 Qd4+ 37. Ke2 fxg5 38. hxg5 Qe4+ 39. Kf1 Qxf5 0-1

[Event "🥌"]
[Site "http://www.queenalice.com/game.php?id=1559819"]
[Date "2019.2.5"]
[Round "-"]
[White "Olipika"]
[Black "Nickerson"]
[Result "0-1"]
[WhiteElo "1707"]
[BlackElo "2037"]

1. d4 d6 2. e4 Nf6 3. Nc3 e5 4. d5 Nbd7 5. Bb5 Be7 6. Nge2 O-O 7. Ng3 a6 8. Bd3
c6 9. Be3 cxd5 10. exd5 Nb6 11. Be2 Bd7 12. O-O Rc8 13. Bd3 Nbxd5 14. Nge4 Nxc3
15. Nxc3 d5 16. Bg5 Bc6 17. f4 e4 18. Be2 Qb6+ 19. Kh1 Qxb2 20. Qd4 Be8 21. Nb5
Rxc2 22. Qxb2 Rxb2 23. Nc7 Rxe2 24. Nxd5 Nxd5 25. Rad1 Bxg5 26. Rxd5 Bf6 27. h3
Rxa2 28. Kh2 Bc6 29. Rdd1 e3 30. Rb1 Rxg2+ 0-1

[Event "🏒"]
[Site "http://www.queenalice.com/game.php?id=1559821"]
[Date "2019.2.5"]
[Round "-"]
[White "Rod_"]
[Black "Nickerson"]
[Result "0-1"]
[WhiteElo "1704"]
[BlackElo "2034"]

1. e4 d6 2. d4 Nf6 3. Nc3 e5 4. dxe5 dxe5 5. Qxd8+ Kxd8 6. Be2 Bb4 7. Bg5 Bxc3+
8. bxc3 Nd7 9. Bxf6+ Nxf6 10. Bd3 Be6 11. Nf3 Nd7 12. O-O f6 13. h3 Ke7 14. a3
Nc5 15. Nh4 Rhd8 16. Nf5+ Bxf5 17. exf5 Nxd3 18. cxd3 Rxd3 19. c4 c5 20. Rfc1
Rad8 21. a4 Rd2 22. a5 Rb2 23. g4 Rdd2 24. Rf1 Kd6 25. Kg2 e4 26. Kg3 Ke5 27.
Rad1 Rb3+ 28. Kh4 Rbd3 29. Rxd2 Rxd2 30. Kg3 Rd3+ 31. Kg2 Kf4 32. Rb1 Rd2 33.
Kf1 Kf3 34. Re1 Rc2 35. Re3+ Kf4 36. Rb3 Rxc4 37. Rxb7 Rb4 38. Rxa7 Kf3 39. Ke1
Rb1+ 40. Kd2 Kxf2 41. Rxg7 e3+ 42. Kd3 e2 43. Re7 e1=Q 44. Rxe1 Rxe1 45. a6 Ra1
46. Kc4 Rxa6 47. Kxc5 Kg3 0-1

[Event "⚾"]
[Site "http://www.queenalice.com/game.php?id=1559822"]
[Date "2019.2.5"]
[Round "-"]
[White "Rod_"]
[Black "Nickerson"]
[Result "0-1"]
[WhiteElo "1704"]
[BlackElo "2029"]

1. e3 Nf6 2. d3 d5 3. c4 dxc4 4. d4 e5 5. Bxc4 Bb4+ 6. Bd2 Bxd2+ 7. Nxd2 exd4 8.
e4 O-O 9. Bd3 c5 10. h3 Nc6 11. Ngf3 Re8 12. O-O Nh5 13. Nc4 b5 14. Na3 c4 15.
Bb1 Nf4 16. Nxb5 d3 17. a3 Re5 18. Nxe5 Nxe5 19. Nc3 Nxh3+ 20. gxh3 Qh4 21. f3
Qg3+ 22. Kh1 Qxh3+ 23. Kg1 Qg3+ 24. Kh1 Rb8 25. Qd2 Bh3 26. Rf2 Nxf3 27. Rxf3
Qxf3+ 28. Kh2 Rb6 29. Ba2 Rh6 30. Kg1 Rg6+ 31. Kh2 Rg2+ 32. Qxg2 Qxg2# 0-1

[Event "🏀"]
[Site "http://www.queenalice.com/game.php?id=1559823"]
[Date "2019.2.5"]
[Round "-"]
[White "ROYANDROLL"]
[Black "Nickerson"]
[Result "0-1"]
[WhiteElo "1504"]
[BlackElo "2002"]

1. e4 d6 2. h3 Nf6 3. Nc3 e5 4. Qf3 g6 5. Bc4 Bg7 6. Nd5 Nxd5 7. Bxd5 O-O 8. h4
c6 9. Bc4 d5 10. exd5 e4 11. Qxe4 Re8 12. Qxe8+ Qxe8+ 13. Be2 cxd5 14. Nf3 Nc6
15. d4 Nxd4 16. Nxd4 Bxd4 17. c3 Bb6 18. Bh6 Bg4 19. f3 Bf5 20. Rd1 Qe6 21. g4
Re8 22. Rh2 Bc2 23. Rc1 Bd3 24. Rd1 Bxe2 25. Rd2 Bxf3+ 26. Kf1 Qe1# 0-1

[Event "🏑"]
[Site "http://www.queenalice.com/game.php?id=1560286"]
[Date "2019.2.9"]
[Round "-"]
[White "igorjava"]
[Black "Nickerson"]
[Result "0-1"]
[WhiteElo "2063"]
[BlackElo "2086"]

1. e4 d6 2. d4 Nf6 3. Nc3 e5 4. d5 Nbd7 5. f4 Be7 6. Nf3 O-O 7. Bc4 a6 8. a4
exf4 9. Bxf4 Nc5 10. Bd3 Nxd3+ 11. cxd3 Nd7 12. O-O Re8 13. b4 Bf6 14. Rc1 Ne5
15. Bxe5 dxe5 16. h3 g6 17. Qb3 c6 18. Ne2 cxd5 19. exd5 e4 20. dxe4 Rxe4 21.
Ng3 Qb6+ 22. Kh1 Rxb4 23. Qc2 Bd7 24. Ne4 Bg7 25. Nc5 Bf5 26. Qd2 Bb2 27. Rc2
Bxc2 28. Qxc2 Rc8 0-1

[Event "⛸️"]
[Site "http://www.queenalice.com/game.php?id=1560288"]
[Date "2019.2.9"]
[Round "-"]
[White "yasseryack"]
[Black "Nickerson"]
[Result "0-1"]
[WhiteElo "1869"]
[BlackElo "2044"]

1. f4 Nf6 2. d3 d5 3. Nf3 g6 4. g3 Bg7 5. Bg2 O-O 6. O-O c5 7. Nc3 d4 8. Na4
Nbd7 9. c3 b5 10. Nxc5 Nxc5 11. Nxd4 Rb8 12. Nc6 Qc7 13. Nxb8 Qxb8 14. d4 Nce4
15. e3 Bf5 16. Bxe4 Nxe4 17. g4 Be6 18. d5 Rd8 19. Qe2 Bxd5 20. a4 Bc4 21. Qf3
Bxf1 22. Kxf1 Nc5 23. Ra3 b4 24. cxb4 Qxb4 25. a5 Bxb2 26. Bxb2 Qxb2 27. e4 Qc1+
28. Kg2 Rd2+ 29. Kg3 Qg1+ 30. Kh4 Rxh2+ 31. Kg5 h6# 0-1

[Event "🏈"]
[Site "http://www.queenalice.com/game.php?id=1565144"]
[Date "2019.3.23"]
[Round "-"]
[White "igorjava"]
[Black "Nickerson"]
[Result "1-0"]
[WhiteElo "2015"]
[BlackElo "2076"]

1. e4 d6 2. d4 Nf6 3. Nc3 e5 4. d5 Nbd7 5. Bd3 Nc5 6. Nge2 c6 7. Bg5 Be7 8. O-O
Nxd5 9. Bxe7 Nxe7 10. b4 Nxd3 11. cxd3 O-O 12. a3 Be6 13. f4 f6 14. f5 Bf7 15.
Kh1 d5 16. Qc2 Qd6 17. Rad1 Rac8 18. d4 Rfd8 19. Ng3 b6 20. Qf2 exd4 21. Rxd4 c5
22. Rd3 d4 23. Nce2 Nc6 24. bxc5 bxc5 25. Ra1 c4 26. Rdd1 d3 27. Nc3 Qe5 28. Qd2
Nd4 29. Rab1 Nb3 30. Qb2 d2 31. Nf1 1-0

[Event "⚾"]
[Site "http://www.queenalice.com/game.php?id=1565147"]
[Date "2019.3.23"]
[Round "-"]
[White "igorjava"]
[Black "Nickerson"]
[Result "1-0"]
[WhiteElo "1973"]
[BlackElo "2113"]

1. e4 d6 2. f4 e5 3. Nf3 exf4 4. Bc4 h6 5. d3 g5 6. h3 Nf6 7. a3 Bg7 8. c3 O-O
9. O-O Nbd7 10. b4 a5 11. Bb2 axb4 12. axb4 Rxa1 13. Bxa1 Ne5 14. Bb3 Be6 15.
Nxe5 Bxb3 16. Qxb3 dxe5 17. c4 Qe7 18. Nd2 Nh5 19. Nf3 Ng3 20. Rf2 h5 21. Nh2
Rd8 22. c5 g4 23. hxg4 hxg4 24. Rd2 Nxe4 25. Rd1 Qd7 26. Nf1 g3 27. Bb2 Qg4 28.
Qc2 Nf2 29. Rd2 e4 30. dxe4 Rxd2 31. Nxd2 1-0

[Event "🎳🎳"]
[Site "http://www.queenalice.com/game.php?id=1565164"]
[Date "2019.3.24"]
[Round "-"]
[White "igorjava"]
[Black "Nickerson"]
[Result "1-0"]
[WhiteElo "1995"]
[BlackElo "2096"]

1. e4 d6 2. d4 Nf6 3. Bd3 e5 4. d5 Nbd7 5. b4 c6 6. Bg5 Be7 7. c4 Nxd5 8. Bxe7
Nxe7 9. a3 a5 10. Qd2 axb4 11. Qxb4 Nc5 12. Bc2 f5 13. Nc3 Qa5 14. Qxa5 Rxa5 15.
f3 Be6 16. a4 Bxc4 17. Nge2 O-O 18. Ng3 f4 19. Nge2 b5 20. Kd2 b4 21. Nd1 d5 22.
Nb2 Rd8 23. Ke1 Ba6 24. Nc1 dxe4 25. fxe4 Rd4 26. Ne2 Bxe2 27. Kxe2 Nxe4 28.
Bxe4 Rxe4+ 29. Kf2 Nd5 30. Rhe1 Rxe1 31. Rxe1 Nc3 32. Ra1 1-0

[Event "🏀🏀"]
[Site "http://www.queenalice.com/game.php?id=1565249"]
[Date "2019.3.24"]
[Round "-"]
[White "igorjava"]
[Black "Nickerson"]
[Result "0-1"]
[WhiteElo "1953"]
[BlackElo "2062"]

1. e4 d6 2. d4 Nf6 3. Nc3 e5 4. d5 Nbd7 5. a3 c6 6. Bg5 Be7 7. Bxf6 Nxf6 8. Bc4
O-O 9. b4 Bd7 10. Nge2 Rc8 11. Ng3 cxd5 12. Bxd5 Rxc3 13. Ne2 Nxd5 14. exd5 Rc4
15. O-O Ba4 16. Rc1 Qc7 17. Ng3 Bg5 0-1

[Event "⛸️⛸️"]
[Site "http://www.queenalice.com/game.php?id=1565283"]
[Date "2019.3.24"]
[Round "-"]
[White "igorjava"]
[Black "Nickerson"]
[Result "0-1"]
[WhiteElo "1991"]
[BlackElo "2095"]

1. e4 d6 2. d4 Nf6 3. Nc3 e5 4. d5 Nbd7 5. Nf3 c6 6. Bg5 Be7 7. b4 cxd5 8. Bxf6
Nxf6 9. exd5 Bg4 10. Be2 Rc8 11. Na4 O-O 12. Rc1 Qd7 13. Nb2 Ne4 14. c4 f5 15.
O-O b6 16. Nd2 Bg5 17. Rc2 Nxd2 18. Rxd2 Bxd2 19. Qxd2 Bxe2 20. Qxe2 e4 21. f3
exf3 22. Qxf3 g6 23. Re1 Rfe8 24. Kf2 Rxe1 25. Kxe1 Qe7+ 26. Kf2 Re8 27. Nd3
Qh4+ 28. Qg3 Qd4+ 29. Kf1 Re3 30. Qxd6 Qxd3+ 0-1

[Event "🏒🏒"]
[Site "http://www.queenalice.com/game.php?id=1566482"]
[Date "2019.4.4"]
[Round "-"]
[White "igorjava"]
[Black "Nickerson"]
[Result "1-0"]
[WhiteElo "1973"]
[BlackElo "2020"]

1. e4 d6 2. d4 Nf6 3. Nc3 e5 4. d5 Be7 5. Nf3 O-O 6. Be2 c6 7. O-O cxd5 8. exd5
Bf5 9. Nh4 Bd7 10. Nf3 Na6 11. Bxa6 bxa6 12. Ne2 Ne4 13. c4 f5 14. Ng3 Nf6 15.
Bg5 h6 16. Bxf6 Bxf6 17. Rb1 a5 18. Nh5 1-0

[Event "⛳⛳"]
[Site "http://www.queenalice.com/game.php?id=1566483"]
[Date "2019.4.4"]
[Round "-"]
[White "igorjava"]
[Black "Nickerson"]
[Result "0-1"]
[WhiteElo "1979"]
[BlackElo "2105"]

1. e4 d6 2. d4 Nf6 3. Nc3 e5 4. d5 Be7 5. Nf3 O-O 6. h3 c6 7. Bd3 cxd5 8. exd5
h6 9. O-O Na6 10. Bxa6 bxa6 11. Na4 Qc7 12. b3 Bd7 13. Nb2 Qc3 14. Qd2 Rfc8 15.
Rb1 Qxc2 16. Rd1 Qxb1 0-1

[Event "🎳🎳"]
[Site "http://www.queenalice.com/game.php?id=1566484"]
[Date "2019.4.5"]
[Round "-"]
[White "ricma"]
[Black "Nickerson"]
[Result "0-1"]
[WhiteElo "2205"]
[BlackElo "2074"]

1. d4 d6 2. Bf4 Nf6 3. e3 Nbd7 4. Nf3 Nh5 5. Bg5 h6 6. Bh4 g5 7. Bg3 Bg7 8. Bd3
e6 9. Nbd2 O-O 10. Qe2 a6 11. c3 f5 0-1

[Event "🏂🏂"]
[Site "http://www.queenalice.com/game.php?id=1566849"]
[Date "2019.4.8"]
[Round "-"]
[White "igorjava"]
[Black "Nickerson"]
[Result "1-0"]
[WhiteElo "1957"]
[BlackElo "2058"]

1. e4 d6 2. f4 Nf6 3. Nc3 c5 4. e5 Nfd7 5. Nf3 e6 6. exd6 Bxd6 7. d4 Nc6 8. Nb5
Be7 9. d5 exd5 10. c4 d4 11. Bd3 O-O 12. O-O Nb4 13. Na3 Nxd3 14. Qxd3 1-0

[Event "🎯🎯"]
[Site "http://www.queenalice.com/game.php?id=1566850"]
[Date "2019.4.10"]
[Round "-"]
[White "igorjava"]
[Black "Nickerson"]
[Result "1-0"]
[WhiteElo "1977"]
[BlackElo "2038"]

1. e4 d6 2. Nf3 Nf6 3. Nc3 e5 4. d4 Nbd7 5. a4 Be7 6. Bc4 O-O 7. O-O exd4 8.
Nxd4 a6 9. f3 Re8 10. Nf5 Bf8 11. Bg5 h6 12. Bh4 1-0

[Event "🥌🥌"]
[Site "http://www.queenalice.com/game.php?id=1566925"]
[Date "2019.4.10"]
[Round "-"]
[White "igorjava"]
[Black "Nickerson"]
[Result "1-0"]
[WhiteElo "1991"]
[BlackElo "2002"]

1. e4 d6 2. Nf3 Nf6 3. Nc3 e5 4. Bc4 Be7 5. O-O O-O 6. d3 c6 7. Bg5 Nbd7 8. a4
Nc5 9. b4 Ne6 10. Bxf6 Bxf6 11. Rb1 Nf4 12. Ne2 1-0